000
00328 a2200157 4500
001
179058
020
_a
040
_c
Magnum
100
_a
Góes, Lúcia Pimentel
240
1
0
_a
O circo da aranha
_l
por
245
1
0
_a
O circo da aranha
362
0
_a
1899
440
1
_a
Do Brasil
697
_a
MAGNITO: I/GERAL
942
_c
BK
999
_c
179058
_d
179058